All nations to have participated in Women's Football at the Olympics - Statistics

General Stats
  • This quiz has been taken 78 times
  • The average score is 19 of 26
Answer Stats
Most Recent Appearance Number of Appearances Nation % Correct
2024 1 Spain
99%
2024 8 USA
99%
2024 5 Australia
96%
2024 3 France
95%
2024 6 Japan
95%
2024 5 Canada
93%
2024 5 Germany
93%
2020 7 Sweden
93%
2024 8 Brazil
92%
2020 2 Great Britain
88%
2020 6 China
85%
2008 3 Norway
85%
2024 5 New Zealand
81%
2020 1 Netherlands
79%
2024 4 Nigeria
77%
2004 1 Mexico
70%
2008 1 Argentina
68%
2024 3 Colombia
67%
1996 1 Denmark
59%
2012 2 North Korea
52%
2016 2 South Africa
52%
2024 2 Zambia
48%
2020 1 Chile
41%
2004 1 Greece
30%
2012 1 Cameroon
26%
2016 1 Zimbabwe
10%
No matching quizzes found
Score Distribution
Percent of People with Each Score
Percentile by Number Answered
Your Score History
You have not taken this quiz